000 00973nam a2200265Ia 4500
003 OSt
005 20220923211020.0
006 a|||||r|||| 00| 0
007 ta
008 220922b |||||||| |||| 00| 0 urd d
020 _a8170555884 (hbk)
_c75
024 _a242,045
037 _b511, 08/03/2010, Vani Prakashan
_cTextual
040 _aARTS
_cARTS
_burd
041 _2urd
_aurd
082 _aO168,1M96:g, 152M8
100 _aगोरखपुरी, फ़िराक़
_9157175
245 0 _aउर्दू की इश्क़िया शायरी
246 _aUrdū kī ishक़iyā shāyarī
260 _aनयी दिल्ली
_b वाणी प्रकाशन
_c1988
300 _a87पृ0
_ccm.
650 _aउर्दू साहित्य
_9157176
942 _hO168,1M96:g, 152M8
_cTEXL
_2CC
999 _c293961
_d293961